El movimiento obrero en España / (Record no. 180774)

MARC details
000 -LEADER
campo de control de longitud fija 00842nab a2200229 i 4500
001 - NÚMERO DE CONTROL
campo de control 180774
003 - IDENTIFICADOR DE NÚMERO DE CONTROL
campo de control ES-MaACL
005 - FECHA Y HORA DE LA ÚLTIMA TRANSACCIÓN
campo de control 20250827063231.0
008 - DATOS DE LONGITUD FIJA--INFORMACIÓN GENERAL
campo de control de longitud fija 120711s1913 sp 000 0 spa d
100 1# - ENTRADA PRINCIPAL--NOMBRE DE PERSONA
Nombre de persona Morato, Juan José,
Fechas asociadas al nombre 1864-1938
Término indicativo de función/relación Autor
9 (RLIN) 83163
245 13 - MENCIÓN DEL TÍTULO
Título El movimiento obrero en España /
Mención de responsabilidad, etc. por Juan José Morato
300 ## - DESCRIPCIÓN FÍSICA
Extensión Páginas 25-47
594 ## - Nota al título y mención de responsabilidad
a Precede al título: Conferencias del Ateneo de Madrid, 1912
599 ## - NOTA A LAS ILUSTRACIONES
NOTA A LAS ILUSTRACIONES Retrato del autor en portada
610 24 - PUNTO DE ACCESO ADICIONAL DE MATERIA--NOMBRE DE ENTIDAD CORPORATIVA
Nombre de entidad corporativa o nombre de jurisdicción como elemento de entrada Ateneo de Madrid-
Subdivisión de forma Conferencias-
Subdivisión cronológica 1900-1939
9 (RLIN) 1907
650 #4 - PUNTO DE ACCESO ADICIONAL DE MATERIA--TÉRMINO DE MATERIA
Término de materia o nombre geográfico como elemento de entrada Movimiento obrero-
Subdivisión geográfica España-
Subdivisión de forma Historia
9 (RLIN) 15214
655 #0 - TERMINO DE INDIZACIÓN--GENERO/FORMA
Datos o término principal de género/forma Conferencias
9 (RLIN) 234444
773 0# - ASIENTO DE ITEM FUENTE
Título La Palabra : revista taquigráfica,
Número Internacional Normalizado para Publicaciones Seriadas ISSN 2479-7723,
Parte(s) relacionada(s) N. 7 (1 abril 1913), p. 25-47
Número bibliográfico anfitrión 2879
Número de control del registro 2879
Número de ítem anfitrión 2987
942 ## - ELEMENTOS DE ENTRADA SECUNDARIOS (KOHA)
Tipo de ítem Koha Artículo de revista
Fuente del sistema de clasificación o colocación Clasificación decimal universal
Suprimir en OPAC No

No items available.